| 000 | 00549nam a2200217Ia 4500 | ||
|---|---|---|---|
| 003 | OSt | ||
| 005 | 20240418134815.0 | ||
| 008 | 210210b1994 xxu||||| |||| 00| 0 eng d | ||
| 040 | _cAL | ||
| 082 | _a157.7 ALES | ||
| 100 |
_aALEEM (Shamin). _9161365 |
||
| 245 | _aSuicide problems and remedies. | ||
| 260 |
_aND _bAshish publishing house _c1994 |
||
| 300 | _axii,124 | ||
| 650 |
_aSuicide _9161366 |
||
| 650 |
_aremedies. _9161367 |
||
| 650 |
_aproblems _9161368 |
||
| 690 |
_aAbnormal Psychology _9161369 |
||
| 906 | _a050689 | ||
| 942 |
_2ddc _cBK |
||
| 999 |
_c99515 _d99515 |
||